000 00411nam a2200181Ia 4500
001 443
005 20260306140518.0
008 260306t2006||||xx |||||||||||||| ||spa||
041 _aESP
082 _a120
_bC515
100 _aChalmers, Alan
_eAUT
245 0 _aLa ciencia y cómo se elabora
260 _c2006
300 _aX, 181 páginas :
_c
650 _aGEN
654 _aCHU
942 _cLIB
_dJUS
_fJUS
_2ddc
_n
999 _c443
_d443